INTRODUCTION TO HARDWARE SECURITY AND TRUST (Record no. 217027)
[ view plain ]
| 000 -LEADER | |
|---|---|
| fixed length control field | 00714nam a22001817a 4500 |
| 008 - FIXED-LENGTH DATA ELEMENTS--GENERAL INFORMATION | |
| fixed length control field | 260420b |||||||| |||| 00| 0 eng d |
| 020 ## - INTERNATIONAL STANDARD BOOK NUMBER | |
| International Standard Book Number | 978-1-4419-8079-3 |
| 050 ## - LIBRARY OF CONGRESS CALL NUMBER | |
| Classification number | QA 76.9 .A 25 I 58 2012 |
| 100 ## - MAIN ENTRY--PERSONAL NAME | |
| Personal name | EDITED BY MOHAMMAD TEHRANIPOOR |
| 245 ## - TITLE STATEMENT | |
| Title | INTRODUCTION TO HARDWARE SECURITY AND TRUST |
| 260 ## - PUBLICATION, DISTRIBUTION, ETC. | |
| Place of publication, distribution, etc. | NEW YORK, |
| Name of publisher, distributor, etc. | SPRINGER SCIENCE-BUSINESS MEDIA, LLC, |
| Date of publication, distribution, etc. | 2012, |
| 300 ## - PHYSICAL DESCRIPTION | |
| Extent | Viii, 427 P, ILL |
| 500 ## - GENERAL NOTE | |
| General note | INCLUDES BIBLIOGRAPHICAL REFERENCES |
| 650 ## - SUBJECT ADDED ENTRY | |
| Topical term or geographic name entry element | 1. Computer security2. Computer input-output equipment 3. Data protection 4. Computer networks-Security measures 5. Information technology-Security measures |
| 700 ## - ADDED ENTRY--PERSONAL NAME | |
| Personal name | EDITORS: CLIFF WANG |
| 942 ## - ADDED ENTRY ELEMENTS (KOHA) | |
| Source of classification or shelving scheme | Library of Congress Classification |
| Koha item type | Long Loan Book |
| Withdrawn status | Lost status | Source of classification or shelving scheme | Damaged status | Not for loan | Collection | Home library | Current library | Shelving location | Date acquired | Inventory number | Total checkouts | Full call number | Barcode | Date last seen | Copy number | Price effective from | Koha item type |
|---|---|---|---|---|---|---|---|---|---|---|---|---|---|---|---|---|---|
| Library of Congress Classification | Science & Technology | Kisii University Library | Kisii University Library | On Display | 04/20/2026 | 113124 | QA 76.9 .A 25 I 58 2012 | A001798 | 04/20/2026 | 1 | 04/20/2026 | Long Loan Book | |||||
| Library of Congress Classification | Science & Technology | Kisii University Library | Kisii University Library | On Display | 04/20/2026 | 113125 | QA 76.9 .A 25 I 58 2012 | A001797 | 04/20/2026 | 2 | 04/20/2026 | Long Loan Book | |||||
| Library of Congress Classification | Science & Technology | Kisii University Library | Kisii University Library | On Display | 04/20/2026 | 113126 | QA 76.9 .A 25 I 58 2012 | A001799 | 04/20/2026 | 3 | 04/20/2026 | Long Loan Book | |||||
| Library of Congress Classification | Science & Technology | Kisii University Library | Kisii University Library | On Display | 04/20/2026 | 113127 | QA 76.9 .A 25 I 58 2012 | A001795 | 04/20/2026 | 4 | 04/20/2026 | Long Loan Book |